| 000 | 00345nam a2200133Ia 4500 | ||
|---|---|---|---|
| 008 | 230312s9999||||xx |||||||||||||| ||und|| | ||
| 082 |
_a657.0218 _bINT |
||
| 245 | 0 | _aInternational Accounting Standards | |
| 260 |
_bInsititute of Chartered accounts of Pak _aKarach |
||
| 300 | _a336 | ||
| 546 | _aEng. | ||
| 650 |
_aAccounting _vScope |
||
| 942 | _cBK | ||
| 999 |
_c4993 _d4993 |
||